00507nam a2200193 a 4500001001300000003000900013005001700022008004100039020001000080082001400090100002100104245004700125260003300172300001400205500003500219505001000254650002800264700002100292nice12345678IN_TiNIC20260116011305.0050524s1944 beia grp 000 0 ara  ac10000a244bLEV5 aLevonian, Lootfi aMaa Hawa-Al-Din and Other Tracts in Arabic aBeirutbAmerican Pressc1944 a15 tracts aincludes index and biblioraphy2 aIndex aChristianity-Miscellany1 aLevonian, Lootfi